Ni Me Conozco - Rauw Alejandro - Estadísticas

Estadísticas generales
  • Esta prueba ha sido intentada 46 veces
  • La puntuación promedio es 292 de 376
Estadísticas de respuestas
Letra % Correcto
a
100%
A
100%
de
100%
no
100%
No
100%
100%
tu
100%
Tu
100%
en
97%
En
97%
es
97%
un
97%
una
97%
Y
97%
y
97%
la
94%
Pa
94%
pa
94%
que
94%
Que
94%
qué
94%
Si
94%
te
94%
el
91%
estás
91%
par
91%
por
91%
Por
91%
ve
91%
Ya
91%
con
88%
Con
88%
Difícil
88%
88%
ma
88%
me
88%
88%
mi
88%
tus
88%
Yo
88%
yo
88%
club
85%
entender
85%
pu
85%
veo
85%
nuevo
82%
realidad
82%
reloj
82%
Sin
82%
tiempo
82%
va
82%
cuenta
79%
del
79%
mirar
79%
otro
79%
superé
79%
ahí
76%
cien
76%
Como
76%
como
76%
cuello
76%
día
76%
le
76%
Lo
76%
lo
76%
máquina
76%
más
76%
ni
76%
Ojalá
76%
puta
76%
quiere
76%
76%
se
76%
beso
73%
existiera
73%
humo
73%
acelerar
70%
aquí
70%
Aunque
70%
aunque
70%
champagne
70%
construye
70%
Ella
70%
ella
70%
he
70%
hecho
70%
imperio
70%
las
70%
los
70%
mejor
70%
Nueva
70%
otra
70%
planes
70%
porque
70%
proceso
70%
quiera
70%
Ra
70%
relación
70%
ver
70%
vez
70%
agarrándola
67%
borrarme
67%
conozco
67%
dice
67%
diste
67%
dura
67%
enteré
67%
eras
67%
Esto
67%
habitación
67%
hay
67%
misma
67%
podido
67%
sigo
67%
tenemo
67%
tengo
67%
Tengo
67%
vamo
67%
voy
67%
York
67%
chingando
64%
cuánto
64%
diera
64%
Espero
64%
estuviera
64%
ferro
64%
jet
64%
mejorar
64%
nuevos
64%
pasión
64%
vi
64%
Ahora
61%
amiga
61%
culpa
61%
dos?
61%
espacio
61%
estoy
61%
Fue
61%
girl
61%
hace
61%
llega
61%
monto
61%
olvidarte
61%
prender
61%
quién
61%
yeah
61%
cambies
58%
claro
58%
cogíamo
58%
Fan
58%
fui
58%
igual
58%
intentar
58%
llegando
58%
oscuras
58%
pero
58%
Pero
58%
quiero
58%
siempre
58%
bar
55%
dinero
55%
Hacer
55%
mama
55%
meto
55%
nos
55%
nuestra
55%
otros
55%
ambición
52%
caer
52%
cosa
52%
dar
52%
engañar?
52%
lleva
52%
luce
52%
mal
52%
Paulo
52%
Rauw
52%
Sao
52%
sea
52%
siendo
52%
uno
52%
ellas
48%
huele
48%
mismo
48%
quieren
48%
traje
48%
escondemos
45%
estuvieras
45%
celaje
36%
ey
33%
eh
27%
No se encontraron pruebas coincidentes
Distribución de puntuación
Porcentaje de gente con cada puntuación
Porcentaje por número respondido
Historial de tus puntuaciones
No has intentado esta prueba.